000 01531nam a22003737a 4500
003 CHAP
005 20220329143839.0
008 120110s2011 mx r 00010 spa d
010 _a102713
011 _a103685
035 _a114374
040 _cCHAP
090 _aTesis
100 1 _aYáñez Chávez, Luis Gerardo.
_9123121
245 1 0 _aEvaluación en la producción de tomate (Lycopersicum Mill.) bajo sistemas de manejo convencional y alternativo
_h[En línea]
_c/por Luis Gerardo Yañez Chávez
260 _aBermejillo, Dgo. :
_bEl autor,
_c2011
500 _aPara ver el contenido del material haga clic en la liga
502 _aTesis (Ing. Agr. en Sistemas Agricolas de Zonas Áridas UACH. Unidad Regional Universitaria de Zonas Áridas
590 _aALEPH
_b10
_c20130110
_lUCH01
_h1543
590 _aBATCH-UPD
_b10
_c20130110
_lUCH01
_h1119
590 _aBATCH-UPD
_b10
_c20130410
_lUCH01
_h0709
590 _aBATCH-UPD
_b10
_c20130914
_lUCH01
_h1124
590 _aBATCH-UPD
_b10
_c20140324
_lUCH01
_h1529
590 _aBATCH-UPD
_b10
_c20141002
_lUCH01
_h0852
590 _aCONVERSION
_b10
_c20130109
_lUCH01
_h1357
650 1 4 _aCultivos
_xDurango.
_930252
650 1 4 _aSistemas de cultivo.
_9106746
650 1 4 _aTomate
_xRendimiento.
_9113761
856 _3Finding aid
_uhttp://10.13.5.2/tesis/114374.pdf
_zTeclea aqui
901 _aBK
942 _cFOLL
949 _aTesis
_bBC
_cTES
_d33724002317918
_eTS1
_gDonaciŁon
_h53213
_i114374
_st
949 _aTesis
_bBC
_cTES
_d33724002317959
_eTS2
_fc.2
_gDonaciØn
_h53214
_i114374
_st
999 _c102713
_d102713